|
|
|
|
| LEADER |
00947nam a2200217 a 4500 |
| 001 |
14693714 |
| 008 |
090518u1999uuuuii uu s i0 0eng d |
| 010 |
|
|
|a \\2006243070
|
| 040 |
|
|
|a DNLM
|c DNLM
|d DLC
|d OCoLC
|
| 082 |
0 |
4 |
|a 362.1\0954221
|
| 245 |
0 |
0 |
|a Health situation in the South-East Asia region.
|
| 260 |
|
|
|a New Delhi :
|b World Health Organization, Regional Office For South-East Asia,
|c 1999
|
| 300 |
|
|
|a v. :
|b ill., maps ;
|c 29 cm.
|
| 362 |
0 |
|
|a 1994/1997-
|
| 541 |
1 |
|
|e 00007356
|
| 650 |
|
0 |
|a Public health
|z Southeast Asia
|v Periodicals.
|
| 650 |
|
0 |
|a Public health
|z Southeast Asia
|v Statistics.
|
| 710 |
2 |
|
|a World Health Organization.
|b Regional Office for South-East Asia.
|
| 852 |
4 |
|
|a Ayesha Abed Library
|j Generalshelf
|
| 999 |
|
|
|c 801
|d 801
|
| 952 |
|
|
|0 0
|1 0
|2 ddc
|4 0
|6 362_10954221_HEA_1999000000000
|7 0
|9 739
|a BRACUL
|b BRACUL
|c GEN
|d 2009-05-18
|g 0.00
|l 0
|o 362.1\0954221 HEA
|p 3010007356
|r 2009-05-18
|t 1
|w 2009-05-18
|y BK
|x No price found in the accession register.
|